000 00439 a2200145 4500
999 _c9009
_d9009
020 _a38009410 (LCCN)
050 _aKTL1024 CAN 1936
100 _aCaney, L.R
_eauthor
245 _aThe law of suretyship in South Africa /
_cby L.R. Caney
264 _aCape Town:
_bJuta,
_c1936.
300 _a176p. :
500 _a"References and abbreviations": p. [8]
650 _aSuretyship and guaranty
_xSouth Africa
942 _2lcc
_cBK
_h1024
_iCAN
_kKTL